000 01069pam a2200325 a 4500
001 6390
003 FISKH
005 20250826144728.0
008 880321s1989 caua j 000 0 eng
010 _a 88010906
040 _aDLC
_cDLC
_dDLC
050 _aPE1155 .E35
082 _a 641.64
100 1 _aEhlert, Lois.
245 1 0 _aEating the alphabet :
_bfruits and vegetables from A to Z /
_cby Lois Ehlert.
260 _aNew York :
_bScholastic,
_c1989.
300 _a34 unnumbered pages :
_bcolor illustrations ;
_c22 x 28 cm.
520 _aAn alphabetical tour of the world of fruits and vegetables, from apricot and artichoke to yam and zucchini.
521 8 _a100
_bLexile NP estimate
521 8 _aC
_bRaz-Plus
650 0 _aEnglish language
_xAlphabet
_xJuvenile literature.
650 0 _aFruit
_xJuvenile literature.
650 0 _aVegetables
_xJuvenile literature.
650 1 _aAlphabet.
650 1 _aFruit.
650 1 _aVegetables.
906 _a7
_bcbc
_corignew
_d1
_eocip
_f19
_gy-gencatlg
942 _2ddc
_cBK
_n0
999 _c6390
_d6390